Sufi Terminology (Al-Qamus Al-Sufi): THe Mystical Language of Islam. (Record no. 7174)

000 -LEADER
fixed length control field 00557 a2200157 4500
020 ## - INTERNATIONAL STANDARD BOOK NUMBER
International Standard Book Number 9690017314
040 ## - CATALOGING SOURCE
Original cataloging agency DLC
Language of cataloging DLC
082 ## - DEWEY DECIMAL CLASSIFICATION NUMBER
Classification number 297.4203
100 ## - MAIN ENTRY--PERSONAL NAME
Personal name Armstrong, Amatullah
245 ## - TITLE STATEMENT
Title Sufi Terminology (Al-Qamus Al-Sufi): THe Mystical Language of Islam.
Statement of responsibility, etc. Amatullah Armstrong
260 ## - PUBLICATION, DISTRIBUTION, ETC.
Place of publication, distribution, etc. Rawalpindi :
Name of publisher, distributor, etc. Ferozsons (Pvt.) Ltd.
Date of publication, distribution, etc. , 2001.
300 ## - PHYSICAL DESCRIPTION
Extent xiii, 277p.
Dimensions ; 26 cm.
500 ## - GENERAL NOTE
General note Includes bibliographical references and index
650 ## - SUBJECT ADDED ENTRY--TOPICAL TERM
Topical term or geographic name entry element 1.Sufism--Islam--Dictionaries.2.Mysticism--Islam--Dictionaries
942 ## - ADDED ENTRY ELEMENTS (KOHA)
Koha item type Book
Call number prefix 297.4203 ARM
Source of classification or shelving scheme
Holdings
Withdrawn status Lost status Damaged status Not for loan Collection code Permanent Location Current Location Shelving location Date acquired Source of acquisition Total Checkouts Full call number Barcode Date last seen Price effective from Koha item type
          Central Library (CL) Central Library (CL) General Stacks 09/11/2007 Donation   297.4203 ARM SEECS008578 11/14/2012 01/05/2017 Book
© 2023 Central Library, National University of Sciences and Technology. All Rights Reserved.